Statistics for Countries of the Portuguese Empire

Click here to take the quiz!

General Stats

  • This quiz has been taken 1,617 times
    (1,427 since last reset)
  • The average score is 19 of 35

Answer Stats

Years HeldCountry/Territory% Correct
Home CountryPortugal
98%
1500-1822Brazil
97%
1574-1975Angola
88%
1505-1975Mozambique
83%
Various, 1502-1961Portuguese India
79%
Various, 1415-1640Spain
77%
1462-1975Cape Verde
69%
1520-1975East Timor
67%
1512-1621Indonesia
67%
1485-1975Sao Tome & Principe
66%
Various, 1533-1549Portuguese China
65%
1879-1974Guinea-Bissau
62%
Various, 1471-1662Morocco
62%
1809-1817France
57%
1808-1822Uruguay
54%
1512-1641Malaysia
53%
1597-1658Sri Lanka
50%
1474-1778Equatorial Guinea
47%
1431-PresentAzores
43%
1557-1578Ghana
42%
1645-1888Senegal
42%
1557-1974Macau
41%
1496-1550Madagascar
41%
1505-1512Tanzania
40%
1515-1650Oman
39%
1500-1630Kenya
37%
1419-PresentMadeira Islands
37%
1455-1633Mauritania
37%
1506-1511Yemen
36%
1721-1730Benin
35%
1558-1573Maldives
33%
1515-1622Iran (Ormuz)
32%
1498-1540Mauritius
32%
1517-1538Qatar
22%
1521-1602Bahrain
21%

Score Distribution

Percentile by Number Answered

Percent of People with Each Score

Your Score History

You have not taken this quiz since the last reset